Komplexná štúdia materiálov na báze slamy pre ekologický nízkopodlažný rodinný dom

Enregistré dans:
Détails bibliographiques
Auteur principal: Vlčko, Ondrej (Auteur)
Autres auteurs: Golian Struhárová, Alena (Directeur de thèse)
Format: Manuscrit Livre
Langue:slovaque
Publié: 2025
Sujets:
Accès en ligne:http://is.stuba.sk/zp/portal_zp.pl?podrobnosti=181986
CRZP
Tags: Ajouter un tag
Pas de tags, Soyez le premier à ajouter un tag!

MARC

LEADER 00000ntm a22000003a 4500
001 stuzp105310
003 SK-STU
005 20250801123728.2
007 ta
008 150427s2015----xo-----f-mn---000-0-slo-d
040 |a STU  |b slo 
041 0 |a slo 
100 1 |a Vlčko, Ondrej  |u 010200  |k Z4  |4 aut  |U SvF Stavebná fakulta  |T SvF Katedra materiálového inžinierstva a fyziky  |X 111907  |U V200  |Y 844  |7 111907 
242 0 1 |a Complex study of straw-based materials for an ecological low-rise family house  |y eng 
245 1 0 |a Komplexná štúdia materiálov na báze slamy pre ekologický nízkopodlažný rodinný dom 
260 |c 2025 
650 4 |a low-rise construction  |2 eng 
650 4 |a straw  |2 eng 
650 4 |a economic analysis  |2 eng 
650 4 |a thermal conductivity  |2 eng 
650 4 |a life cycle analysis  |2 eng 
650 4 |a sustainability  |2 eng 
650 4 |a slama  |2 slo 
650 4 |a ekonomická analýza  |2 slo 
650 4 |a nízkopodlažná výstavba  |2 slo 
650 4 |a analýza životného cyklu  |2 slo 
650 4 |a trvalá udržateľnosť  |2 slo 
650 4 |a tepelná vodivosť  |2 slo 
700 1 |a Golian Struhárová, Alena  |u 010200  |k Z1  |4 ths  |U SvF Stavebná fakulta  |T SvF Katedra materiálového inžinierstva a fyziky  |X 916  |U V200  |Y 844  |7 A000000916 
856 4 |u http://is.stuba.sk/zp/portal_zp.pl?podrobnosti=181986 
856 4 |u https://opac.crzp.sk/?fn=detailBiblioForm&sid=0E3CFF6F9736DEA1213AF2811818  |z CRZP